000 00448nam a2200193Ia 4500
008 240510s9999 xx 000 0 und d
020 _a0000171221701
041 _aEng
082 _a519.233.4
082 _bD61
100 _aDRAPER, N.R.
245 0 _aApplied regression analysis
260 _bNew York : John Wiley
260 _c1966
300 _a407 p.
650 _aStatistics : regression analysis
942 _2ddc
942 _cLBK
999 _c23552
_d23552
945 _a1
_bMadushi Gamage
_c1
_dMadushi Gamage